000 00711cab a2200217 4500
001 ABS56913
008 090401t1997 xxu||||| |||| 00| 0 eng d
035 _a(Sirsi) u78190
041 _aeng
100 _aSyms, P.
245 _aPerceptions of risk in the valuation of contaminated land
260 _c1997
350 _a0
490 _aJournal of Property Valuation and Investment
_v15(1) 1997 27-39(13)
520 _aDiscusses possible guidelines which may be adopted in the treatment of affected sites for residential, industrial, commercial and leisure uses.
650 _aCONTAMINATED LAND
650 _aVALUATION METHODS
690 _aRATING AND VALUATION
942 _n0
948 _c07/05/1997
999 _c49208
_d49208